01098nam a2200253 a 4500001001000000003000900010005001700019007000300036008004100039040002500080082002800105100004600133245005900179260007500238300002100313490005700334500007100391600003800462650002400500650007600524710007300600710011600673830005500789000043496DO-SdBNP20240530073936.0ta110126s2013 dr 001 0 spa d aDO-SdBNPbspacBNPHU 4a972.93bG216c, 20132221 aGarcía Lluberes, Leónidas,d1882-196710aCrítica histórica /cLeónidas García Lluberes. aSanto Domingo :bComisión Permanente de Efemérides Patrias,c2013. a306 p. ;c24 cm. aBicentenario del natalicio de Juan Pablo Duarte; v3 aIncluye referencias bibliográficas y notas al pie de páginas.10aDuarte, Juan Pablo, d1813-1876 0aEnsayos dominicanos 4aRepública dominicanaxHistoriay1844-1930xEnsayos conferencias, etc.12aRepública DominicanabComisión Permanente de Efemérides Patria12aComisión Nacional para Conmemorar el Bicentenario del Natalicio de Juan Pablo Duarte (República Dominicana) 0aBicentenario del natalicio de Juan Pablo Duarten3